000 00401cam a22001217a 4500
008 180718b1929 xxu||||| |||| 00| 0 eng d
082 _aC43x54 Un3sp
100 _aUnited Kingdom. Indian States Committee
245 _aEvidence before the Butler Committee
260 _aLondon
_bThe author
_c1929
300 _a4 Vols.
500 _aContents: V.1. 738+p; V.2. P739-1304; V.3. P.1305-1736; V.4. P.1737-2368
999 _c490482
_d490482